Serbia cities per size - Statistics

General Stats
  • This quiz has been taken 248 times
  • The average score is 12 of 15
Answer Stats
Hint Answer % Correct
3 Nis
99%
2 Novi Sad
99%
1 Beograd
95%
4 Kragujevac
94%
6 Subotica
94%
14 Leskovac
84%
11 Kraljevo
83%
9 Cacak
82%
10 Krusevac
78%
15 Vranje
75%
7 Zrenjanin
75%
12 Novi Pazar
72%
13 Smederevo
69%
8 Pancevo
68%
5 Pristina
60%
No matching quizzes found
Score Distribution
Percent of People with Each Score
Percentile by Number Answered
Your Score History
You have not taken this quiz